000 00397nam a22001697a 4500
005 20180221161854.0
008 160618b xxu||||| |||| 00| 0 eng d
020 _a981-243-676-6
041 _aeng
082 _b8172
_a174.962
100 _aHarries, Charles E and Others
_92237
245 _aEngineering Ethics
260 _bThomson
300 _a355
650 _aManagement
_9241
942 _cBK
999 _c3126
_d3125